Nifrīn-i zamīn (Record no. 50455)

MARC details
000 -LEADER
fixed length control field 00573cam a22001931 4500
001 - CONTROL NUMBER
control field ne 68002138
003 - CONTROL NUMBER IDENTIFIER
control field DLC
005 - DATE AND TIME OF LATEST TRANSACTION
control field 20260227111842.0
008 - FIXED-LENGTH DATA ELEMENTS--GENERAL INFORMATION
fixed length control field 960912q19671968ir f 000 0 perr
010 ## - LIBRARY OF CONGRESS CONTROL NUMBER
LC control number ne 68002138
035 ## - SYSTEM CONTROL NUMBER
System control number (OCoLC)35528028
040 ## - CATALOGING SOURCE
Original cataloging agency DLC
Transcribing agency CLU
Modifying agency CLU
-- DLC
042 ## - AUTHENTICATION CODE
Authentication code premarc
050 00 - LIBRARY OF CONGRESS CALL NUMBER
Classification number PK6561.A38
Item number N5
100 2# - MAIN ENTRY--PERSONAL NAME
Personal name Āl Aḥmad, Jalāl.
245 10 - TITLE STATEMENT
Title Nifrīn-i zamīn
Statement of responsibility, etc. [az] Jalāl Al Aḥmad. Bā shish taṣvīr az Hānībāl al-Khāṣṣ.
260 ## - PUBLICATION, DISTRIBUTION, ETC.
Place of publication, distribution, etc. [Tihrān]
Name of publisher, distributor, etc. Intishārāt-i Nīl
Date of publication, distribution, etc. [1967 or 8]
300 ## - PHYSICAL DESCRIPTION
Extent 293 p.
Other physical details plates.
Dimensions 21 cm.

No items available.

Powered by Koha